000 00415nam a2200133Ia 4500
008 230907s9999||||xx |||||||||||||| ||und||
082 _a823.912
_bCHR
100 _aWestmacott, Mary,
_9115818
245 2 _aA daughter's a daughter and other novels :
260 _aSt. Martin's Minotaur,
_bNew York :
_c2017
300 _avi, 617 p. ;
650 _aEnglish Literature Fiction. Fiction. Fiction.
_9115819
942 _cBK
999 _c599782
_d599782